000 00446cam a2200181ua 4500
020 _cRs 3.00
041 _aeng
_h
082 _a320.58
_bGAN/BA
100 _aGandhi, M K.
245 _aBapu`s letters to Mira /
_cM K Gandhi.
_hTextual Documents
260 _aAhmadabad :
_bNavajivan publishing house ,
_c1959.
300 _a367 ; .
365 _aRs 3.00
504 _a
650 _aGandhiana
942 _cBK
999 _c1064
_d1064